000
00362nam a2200145Ia 4500
008
230718s9999 xx 000 0 und d
041
_a
Eng.
082
_a
891.93
_b
نام-س
100
_a
نام کا بچہ بھی
245
0
_a
سری چھاپا
260
_a
Pakistan
_b
سیٹ سیل پلی کشنتر
_c
1993
300
_a
110
650
_a
Law
999
_c
28861
_d
28861